[Event "Wood Green Invitational"]
[Site "Stafford"]
[Date "2023.07.16"]
[Round "5.1"]
[White "Rees, Ioan L"]
[Black "Rudd, Jack"]
[Result "1/2-1/2"]
[WhiteElo "2293"]
[BlackElo "2276"]
[PlyCount "102"]
[EventDate "2023.07.14"]
[EventType "tourn"]
[EventRounds "9"]
[EventCountry "ENG"]

1. d4 Nf6 2. c4 e6 3. Nf3 b6 4. g3 Ba6 5. Qc2 c5 6. d5 exd5 7. cxd5 d6 8. Bg2
g6 9. O-O Bg7 10. Nc3 O-O 11. Re1 Nbd7 12. h3 b5 13. a3 Nb6 14. e4 Re8 15. Bf1
c4 16. Bf4 Qd7 17. Rad1 Bb7 18. Nd4 Nfxd5 19. Ndxb5 Nxf4 20. gxf4 d5 21. e5 Bh6
22. Nd6 Bxf4 23. Nxe8 Rxe8 24. Ne4 Bxe5 25. Nc5 Qc7 26. Nxb7 Qxb7 27. Qd2 Re6
28. Bg2 Bf6 29. a4 Qc6 30. a5 c3 31. Rxe6 fxe6 32. bxc3 Na4 33. Qf4 Kg7 34. c4
Nc3 35. cxd5 exd5 36. Re1 a6 37. Qb8 Qc5 38. Re8 Qd4 39. Qb7+ Kh6 40. Qxa6 Bh4
41. Qf1 Qa4 42. Qc1+ Bg5 43. Qxc3 Qxe8 44. Bxd5 Qa4 45. Kg2 Bd8 46. Qe3+ Kg7
47. Qe5+ Kh6 48. Qe3+ Kg7 49. Qc3+ Kh6 50. Qc1+ Kg7 51. Qc3+ Kh6 1/2-1/2

[Event "Wood Green Invitational"]
[Site "Stafford"]
[Date "2023.07.16"]
[Round "5.2"]
[White "Turner, Matthew J"]
[Black "Ghasi, Ameet K"]
[Result "0-1"]
[WhiteElo "2439"]
[BlackElo "2495"]
[PlyCount "52"]
[EventDate "2023.07.14"]
[EventType "tourn"]
[EventRounds "9"]
[EventCountry "ENG"]

1. d4 Nf6 2. Bg5 g6 3. Nc3 d5 4. Qd2 Bg7 5. Bh6 O-O 6. Bxg7 Kxg7 7. O-O-O c5 8.
dxc5 Qa5 9. Nxd5 Qxa2 10. Qc3 Rd8 11. e4 Be6 12. Bc4 Qa1+ 13. Kd2 Qa4 14. Ne2
Nbd7 15. b3 Qc6 16. Kc1 Bxd5 17. Bxd5 Qa6 18. Nf4 Qa3+ 19. Kb1 Nxc5 20. e5 Nfe4
21. Bxe4 Nxe4 22. Qe3 Qb4 23. Rd3 Rac8 24. Kb2 Rxd3 25. Nxd3 Qc3+ 26. Ka3 Nd2
0-1

[Event "Wood Green Invitational"]
[Site "Stafford"]
[Date "2023.07.16"]
[Round "5.3"]
[White "Willow, Jonah B"]
[Black "Sousa, Andre Ventura"]
[Result "1/2-1/2"]
[WhiteElo "2421"]
[BlackElo "2455"]
[PlyCount "128"]
[EventDate "2023.07.14"]
[EventType "tourn"]
[EventRounds "9"]
[EventCountry "ENG"]

1. e4 e5 2. Nf3 Nc6 3. d4 exd4 4. Nxd4 Nf6 5. Nxc6 bxc6 6. Bd3 d5 7. exd5 cxd5
8. O-O Be7 9. Re1 O-O 10. b3 Bc5 11. Ba3 Qd6 12. Bxc5 Qxc5 13. Qd2 d4 14. Qf4
Bb7 15. Re5 Qc6 16. f3 Ba6 17. Bxa6 Qxa6 18. Nd2 Rad8 19. Nc4 Nd5 20. Qxd4 Nb6
21. Qc3 Nxc4 22. Qxc4 Qxc4 23. bxc4 Rd2 24. Rc1 g6 25. a3 Rfd8 26. Kf1 R8d4 27.
Rc5 Rd7 28. h3 Kf8 29. Re5 c6 30. Rc5 Re7 31. Re1 Rxe1+ 32. Kxe1 Rxg2 33. Rxc6
Rxc2 34. a4 a5 35. Rc5 Ke7 36. Rxa5 Rxc4 37. Kf2 h5 38. Re5+ Kd6 39. Ra5 h4 40.
Ke3 Ke6 41. Ra6+ Kf5 42. Ra5+ Kf6 43. Ra6+ Kg5 44. a5 Rc3+ 45. Kf2 Rc2+ 46. Ke3
Ra2 47. Ra7 f6 48. a6 Ra3+ 49. Ke2 Kf4 50. Rd7 g5 51. a7 Ra2+ 52. Rd2 Rxa7 53.
Kf2 Ra4 54. Rb2 Rd4 55. Ra2 Ke5 56. Ke3 Rd1 57. Ra5+ Ke6 58. f4 Rg1 59. fxg5
fxg5 60. Ke4 Re1+ 61. Kf3 Re5 62. Rxe5+ Kxe5 63. Ke3 Kf6 64. Kf2 Ke5 1/2-1/2

[Event "Wood Green Invitational"]
[Site "Stafford"]
[Date "2023.07.16"]
[Round "5.4"]
[White "Gasanov, Eldar"]
[Black "Arakhamia-Grant, Ketevan"]
[Result "1-0"]
[WhiteElo "2481"]
[BlackElo "2305"]
[PlyCount "93"]
[EventDate "2023.07.14"]
[EventType "tourn"]
[EventRounds "9"]
[EventCountry "ENG"]

1. d4 Nf6 2. g3 g6 3. Bg2 d5 4. Nf3 Bg7 5. O-O O-O 6. c4 c6 7. Qb3 dxc4 8. Qxc4
Be6 9. Qa4 b5 10. Qd1 a5 11. Nc3 a4 12. Ne5 Ra6 13. e4 Qc8 14. Be3 Bh3 15. a3
Bxg2 16. Kxg2 c5 17. Rc1 cxd4 18. Bxd4 Qb7 19. Qf3 Rd6 20. Rfd1 Na6 21. Be3
Rxd1 22. Rxd1 b4 23. axb4 Nxb4 24. Bc5 Rc8 25. Nxa4 Qxe4 26. Qxe4 Nxe4 27. Bxe7
Bxe5 28. Bxb4 Rc2 29. Be1 f5 30. b4 Kf7 31. Nb6 Ke6 32. Nd5 g5 33. Ne3 Ra2 34.
Rd8 Ra1 35. Re8+ Kf7 36. Rxe5 Rxe1 37. Rxf5+ Ke6 38. g4 Rb1 39. Nc4 Nf6 40.
Re5+ Kf7 41. Rxg5 Rxb4 42. Ne3 Rb2 43. Rf5 Kg6 44. Nc4 Nxg4 45. Rf4 Rxf2+ 46.
Rxf2 Nxf2 47. Kxf2 1-0

[Event "Wood Green Invitational"]
[Site "Stafford"]
[Date "2023.07.16"]
[Round "5.5"]
[White "Waldhausen Gordon, Frederick"]
[Black "Wadsworth, Matthew J"]
[Result "0-1"]
[WhiteElo "2325"]
[BlackElo "2431"]
[PlyCount "134"]
[EventDate "2023.07.14"]
[EventType "tourn"]
[EventRounds "9"]
[EventCountry "ENG"]

1. c4 c6 2. Nc3 d5 3. cxd5 cxd5 4. d4 Nf6 5. Nf3 Nc6 6. Bf4 a6 7. e3 Bg4 8. h3
Bxf3 9. Qxf3 Qb6 10. Rb1 e6 11. Bd3 Nb4 12. Qe2 Be7 13. O-O O-O 14. Rfc1 Rfc8
15. Qd2 Nxd3 16. Qxd3 Rc6 17. Rc2 Rac8 18. Rbc1 Qa5 19. a3 h6 20. g4 Nd7 21.
Ne2 Nb6 22. Rxc6 Rxc6 23. Rxc6 bxc6 24. Qc2 Qe1+ 25. Kg2 Nc4 26. Ng3 Qd2 27.
Qxd2 Nxd2 28. e4 Nxe4 29. Nxe4 dxe4 30. Bd2 Bg5 31. Bc3 f5 32. f3 Kf7 33. fxe4
fxe4 34. Kg3 Bc1 35. a4 Ke7 36. Bb4+ Kd7 37. b3 Be3 38. Bf8 Bxd4 39. Kf4 e3 40.
Kf3 c5 41. Ke2 Kc6 42. Kd3 Kd5 43. h4 e5 44. Be7 e4+ 45. Ke2 Ke5 46. Bd8 Kd5
47. Be7 c4 48. bxc4+ Kxc4 49. Bd6 a5 50. g5 hxg5 51. hxg5 Kb3 52. Bf4 Kxa4 53.
Bxe3 Bxe3 54. Kxe3 Kb4 55. Kxe4 a4 56. Kf5 a3 57. Kg6 a2 58. Kxg7 a1=Q+ 59. Kf7
Qa7+ 60. Kf6 Qd4+ 61. Kf7 Qd5+ 62. Kf6 Kc5 63. g6 Kd6 64. Kg7 Ke7 65. Kh7 Kf6
66. Kh8 Qb7 67. g7 Qxg7# 0-1

[Event "Wood Green Invitational"]
[Site "Stafford"]
[Date "2023.07.17"]
[Round "6.1"]
[White "Rudd, Jack"]
[Black "Wadsworth, Matthew J"]
[Result "0-1"]
[WhiteElo "2276"]
[BlackElo "2431"]
[PlyCount "92"]
[EventDate "2023.07.14"]
[EventType "tourn"]
[EventRounds "9"]
[EventCountry "ENG"]

1. d4 d5 2. c4 c6 3. Nf3 Nf6 4. Nc3 dxc4 5. a4 Bf5 6. Ne5 Nbd7 7. Nxc4 Qc7 8.
g3 e5 9. dxe5 Nxe5 10. Bf4 Nfd7 11. e4 Be6 12. Qh5 g5 13. Bxe5 Nxe5 14. Nxe5
Qxe5 15. Bh3 O-O-O 16. O-O Bc5 17. Rad1 Bd4 18. Rd2 Bxc3 19. Rxd8+ Rxd8 20.
Bxe6+ fxe6 21. bxc3 Qxe4 22. Qxg5 Qxa4 23. Re1 Qb3 24. Qg4 Qxc3 25. Rxe6 Rd7
26. Re8+ Kc7 27. Qf4+ Kb6 28. Re3 Rd3 29. Re7 Qb3 30. Qc7+ Ka6 31. Re1 Rd1 32.
Rxd1 Qxd1+ 33. Kg2 Qd5+ 34. f3 h5 35. h4 c5 36. Kf2 Qd2+ 37. Kf1 Qd3+ 38. Kf2
Qd2+ 39. Kf1 Qd3+ 40. Kf2 c4 41. Qc5 b6 42. Qc8+ Ka5 43. g4 c3 44. gxh5 c2 45.
Kg3 Qd6+ 46. Kg4 Qc5 0-1

[Event "Wood Green Invitational"]
[Site "Stafford"]
[Date "2023.07.17"]
[Round "6.2"]
[White "Arakhamia-Grant, Ketevan"]
[Black "Waldhausen Gordon, Frederick"]
[Result "1-0"]
[WhiteElo "2305"]
[BlackElo "2325"]
[PlyCount "97"]
[EventDate "2023.07.14"]
[EventType "tourn"]
[EventRounds "9"]
[EventCountry "ENG"]

1. e4 c5 2. Nf3 Nc6 3. d4 cxd4 4. Nxd4 Nf6 5. Nc3 e5 6. Ndb5 d6 7. Bg5 a6 8.
Na3 b5 9. Nd5 Be7 10. Bxf6 Bxf6 11. c4 b4 12. Nc2 O-O 13. h4 a5 14. Bd3 Rb8 15.
b3 g6 16. h5 Bg5 17. Qf3 Kg7 18. Qg3 h6 19. Rd1 Be6 20. Be2 Ne7 21. hxg6 fxg6
22. Nce3 Nc6 23. Bg4 Bf7 24. Qh3 Nd4 25. g3 h5 26. f4 Rh8 27. Be2 Be6 28. Qh2
Bf6 29. f5 Bf7 30. fxg6 Bxg6 31. O-O Bg5 32. Nf5+ Bxf5 33. exf5 h4 34. f6+ Kf7
35. Rxd4 exd4 36. Rf5 Be3+ 37. Kf1 Qg8 38. g4 Qd8 39. Bf3 Ke6 40. f7 Qf8 41.
Qh3 Kd7 42. g5 Kd8 43. g6 Rc8 44. Rf6 Bg5 45. g7 Bxf6 46. gxf8=Q+ Rxf8 47. Nxf6
Rxf7 48. Qe6 Rcc7 49. Qe8# 1-0

[Event "Wood Green Invitational"]
[Site "Stafford"]
[Date "2023.07.17"]
[Round "6.3"]
[White "Sousa, Andre Ventura"]
[Black "Gasanov, Eldar"]
[Result "1/2-1/2"]
[WhiteElo "2455"]
[BlackElo "2481"]
[PlyCount "153"]
[EventDate "2023.07.14"]
[EventType "tourn"]
[EventRounds "9"]
[EventCountry "ENG"]

1. Nf3 c5 2. g3 Nc6 3. Bg2 Nf6 4. O-O e5 5. e4 Be7 6. d3 O-O 7. Nc3 d6 8. h3
Ne8 9. Nd5 f5 10. c3 Kh8 11. b4 cxb4 12. cxb4 Nc7 13. Nxe7 Qxe7 14. Rb1 Nb5 15.
Bb2 f4 16. a4 Nbd4 17. b5 Nxf3+ 18. Qxf3 Nd8 19. d4 Nf7 20. Qh5 g6 21. Qd1 Qf6
22. dxe5 dxe5 23. Rc1 Be6 24. Rc5 Rad8 25. Qa1 Kg8 26. Bxe5 Nxe5 27. Qxe5 Qxe5
28. Rxe5 Bb3 29. Re7 Bxa4 30. Rxb7 f3 31. Bh1 Rd3 32. Ra1 Rd4 33. e5 Rf7 34.
Rxf7 Kxf7 35. Bxf3 Ke6 36. Re1 Bxb5 37. Bg4+ Ke7 38. Rc1 h5 39. Rc7+ Kd8 40.
Rc5 hxg4 41. Rxb5 gxh3 42. Ra5 Rd2 43. Rxa7 h2+ 44. Kxh2 Rxf2+ 45. Kh3 Re2 46.
Ra5 Re4 47. Kg2 Ke7 48. Kf3 Rb4 49. Ra6 Kf7 50. Rf6+ Kg7 51. Rd6 Kf7 52. Ke3
Rg4 53. Rf6+ Kg7 54. Rf3 Ra4 55. Rf1 g5 56. Rf3 Rb4 57. Kd3 Ra4 58. e6 Ra7 59.
Ke4 Kg6 60. Re3 Kf6 61. Kf3 Ke7 62. Kg4 Ra5 63. Kh5 Rb5 64. g4 Ra5 65. Re1 Rb5
66. Re2 Ra5 67. Re3 Rb5 68. Kg6 Ra5 69. Rf3 Kxe6 70. Rf5 Ra8 71. Rxg5 Rh8 72.
Kg7 Rh4 73. Kg6 Rh8 74. Kg7 Rh4 75. Rg6+ Ke5 76. g5 Rh5 77. Rh6 1/2-1/2

[Event "Wood Green Invitational"]
[Site "Stafford"]
[Date "2023.07.17"]
[Round "6.4"]
[White "Ghasi, Ameet K"]
[Black "Willow, Jonah B"]
[Result "1/2-1/2"]
[WhiteElo "2495"]
[BlackElo "2421"]
[PlyCount "115"]
[EventDate "2023.07.14"]
[EventType "tourn"]
[EventRounds "9"]
[EventCountry "ENG"]

1. Nf3 d5 2. g3 Nd7 3. d4 Nb6 4. Nc3 Bf5 5. Nh4 Bg4 6. h3 Bh5 7. Ng2 e6 8. Nf4
Bg6 9. Bg2 Bb4 10. Nxg6 Bxc3+ 11. bxc3 hxg6 12. e4 c6 13. Rb1 Qd7 14. h4 O-O-O
15. Bg5 Rf8 16. O-O Nf6 17. f3 Ne8 18. Rb4 Nc4 19. a4 Ned6 20. Bf4 f5 21. Qe2
a5 22. Rb3 Kc7 23. Rfb1 Rb8 24. exd5 exd5 25. Bf1 b5 26. Ra1 Kb6 27. Qd1 Rb7
28. Qb1 Ra8 29. Qa2 Kc7 30. Re1 Rbb8 31. Rbb1 Kb6 32. Kf2 Re8 33. Rxe8 Rxe8 34.
axb5 Nxb5 35. Bxc4 dxc4 36. Qxc4 Qd5 37. Qa4 Ka6 38. Rb3 Qe6 39. Be5 f4 40.
gxf4 Qh3 41. Rb1 Qxh4+ 42. Ke3 g5 43. Qc4 Qxf4+ 44. Kf2 Qd2+ 45. Kg3 Qxc3 46.
Qf7 Rxe5 47. dxe5 Qxe5+ 48. Kh3 Nd6 49. Qd7 Qd5 50. Rb3 g4+ 51. Qxg4 Qd1 52.
Qg2 Nb5 53. Rd3 Qe1 54. Qg4 Qh1+ 55. Kg3 Qg1+ 56. Kh3 Qh1+ 57. Kg3 Qg1+ 58. Kh3
1/2-1/2

[Event "Wood Green Invitational"]
[Site "Stafford"]
[Date "2023.07.17"]
[Round "6.5"]
[White "Rees, Ioan L"]
[Black "Turner, Matthew J"]
[Result "0-1"]
[WhiteElo "2293"]
[BlackElo "2439"]
[PlyCount "72"]
[EventDate "2023.07.14"]
[EventType "tourn"]
[EventRounds "9"]
[EventCountry "ENG"]

1. d4 Nf6 2. c4 e6 3. Nf3 d5 4. Bg5 Bb4+ 5. Nbd2 h6 6. a3 Be7 7. Bxf6 Bxf6 8.
Qc2 Nc6 9. e3 O-O 10. h4 e5 11. cxd5 Qxd5 12. Bc4 Qa5 13. Ng5 Bxg5 14. hxg5
exd4 15. Rxh6 Bf5 16. e4 gxh6 17. exf5 d3 18. Bxd3 Nb4 19. axb4 Qxa1+ 20. Ke2
Rfe8+ 21. Kf3 hxg5 22. Ne4 Rxe4 23. Bxe4 Rd8 24. Qxc7 Qd1+ 25. Ke3 Qd4+ 26. Kf3
g4+ 27. Kg3 Qd6+ 28. Qxd6 Rxd6 29. b5 Rb6 30. Bd3 a5 31. b3 Rd6 32. Be4 b6 33.
Kf4 Rd4 34. Ke5 Rb4 35. Bd5 Rxb5 36. Kd6 Kg7 0-1

[Event "Wood Green Invitational"]
[Site "Stafford"]
[Date "2023.07.17"]
[Round "7.1"]
[White "Turner, Matthew J"]
[Black "Rudd, Jack"]
[Result "1-0"]
[WhiteElo "2439"]
[BlackElo "2276"]
[PlyCount "93"]
[EventDate "2023.07.14"]
[EventType "tourn"]
[EventRounds "9"]
[EventCountry "ENG"]

1. d4 Nf6 2. Nf3 e6 3. g3 b5 4. Bg2 Bb7 5. O-O Be7 6. Bg5 O-O 7. Qd3 a6 8. a4
Be4 9. Qd1 b4 10. Nbd2 Bb7 11. c4 bxc3 12. bxc3 h6 13. Bxf6 Bxf6 14. Qc2 d5 15.
c4 dxc4 16. Rab1 Bc6 17. Nxc4 a5 18. Rfc1 Qe8 19. Qc3 Be4 20. Rb5 Qd8 21. Ncd2
Bxf3 22. Nxf3 c6 23. Rbb1 Na6 24. Qxc6 Nb4 25. Qc4 Rc8 26. Qb3 Qd7 27. e3 Rc7
28. Nd2 Rfc8 29. Rxc7 Qxc7 30. Bf1 Qc2 31. Qxc2 Rxc2 32. Nb3 Bd8 33. Rc1 Rxc1
34. Nxc1 Bc7 35. f4 g5 36. Kf2 Kg7 37. Kf3 gxf4 38. gxf4 f6 39. Ke4 Kf8 40. Bc4
Ke7 41. h3 Nc2 42. Nd3 Bd6 43. Nc5 e5 44. fxe5 fxe5 45. Nb7 Bc7 46. dxe5 Bb8
47. Nxa5 1-0

[Event "Wood Green Invitational"]
[Site "Stafford"]
[Date "2023.07.17"]
[Round "7.2"]
[White "Willow, Jonah B"]
[Black "Rees, Ioan L"]
[Result "1-0"]
[WhiteElo "2421"]
[BlackElo "2293"]
[PlyCount "131"]
[EventDate "2023.07.14"]
[EventType "tourn"]
[EventRounds "9"]
[EventCountry "ENG"]

1. Nf3 Nf6 2. c4 e6 3. e3 b6 4. b3 Bb7 5. Bb2 d5 6. g3 Nbd7 7. Bg2 dxc4 8. bxc4
c5 9. O-O Be7 10. Nc3 O-O 11. Qe2 Ne4 12. Nd1 Bf6 13. d3 Nd6 14. Nc3 Qe7 15. e4
Ne5 16. Ne1 Nc6 17. f4 Bd4+ 18. Kh1 Rfd8 19. Nc2 Rd7 20. Nxd4 Nxd4 21. Qd2 Rad8
22. Rad1 f6 23. Ne2 Nxe2 24. Qxe2 Nf7 25. Rd2 e5 26. Rfd1 Rd6 27. Bf3 Bc6 28.
Kg1 Qb7 29. Rf1 Re8 30. Bh5 g6 31. Bf3 Re7 32. Qe3 Qd7 33. Bc3 Qd8 34. Be2 Qe8
35. Rf2 Qd8 36. a3 Bb7 37. Rb2 Red7 38. Rb1 Rxd3 39. Bxd3 Rxd3 40. Qe1 Bxe4 41.
Qxe4 Rxc3 42. Rbf1 f5 43. Qe1 Qd4 44. fxe5 Nxe5 45. Kg2 Re3 46. Qd1 Qe4+ 47.
Kg1 Rd3 48. Qe2 Nf3+ 49. Kh1 Re3 50. Qc2 Ng5+ 51. Qxe4 Nxe4 52. Rf3 Re2 53. Rc1
Kg7 54. Kg1 Rd2 55. Re1 h5 56. Ra1 Kf6 57. a4 Ng5 58. Rb3 Nh3+ 59. Kh1 Nf2+ 60.
Kg1 Nh3+ 61. Kh1 Rc2 62. a5 bxa5 63. Rxa5 Rxc4 64. Ra6+ Kg5 65. Kg2 f4 66. Kxh3
1-0

[Event "Wood Green Invitational"]
[Site "Stafford"]
[Date "2023.07.17"]
[Round "7.3"]
[White "Gasanov, Eldar"]
[Black "Ghasi, Ameet K"]
[Result "0-1"]
[WhiteElo "2481"]
[BlackElo "2495"]
[PlyCount "130"]
[EventDate "2023.07.14"]
[EventType "tourn"]
[EventRounds "9"]
[EventCountry "ENG"]

1. d4 Nf6 2. c4 g6 3. Nc3 Bg7 4. e4 d6 5. h3 O-O 6. Be3 Nbd7 7. Bd3 e5 8. d5
Nc5 9. Bc2 a5 10. g4 c6 11. Nf3 cxd5 12. cxd5 Ne8 13. Rg1 Bd7 14. a3 a4 15. Qe2
Qa5 16. Kf1 Nc7 17. Kg2 Nb5 18. Na2 Nd4 19. Qd1 Nxc2 20. Qxc2 Nb3 21. Rad1 Rac8
22. Nc3 b5 23. Qe2 b4 24. Na2 bxa3 25. bxa3 Bb5 26. Qe1 f5 27. gxf5 gxf5 28.
Ng5 Qxe1 29. Rdxe1 f4 30. Bb6 Rf6 31. Nb4 Rg6 32. Kh1 Rc3 33. Na2 Rc4 34. Nb4
Bd7 35. Re2 Bf6 36. Ne6 Kf7 37. Rxg6 hxg6 38. Kg2 Bb5 39. Rc2 Rxc2 40. Nxc2 Bd3
41. Nb4 Bxe4+ 42. f3 Bxd5 43. Nxf4 Bb7 44. Nfd5 Bg5 45. Nc3 Nd2 46. Nxa4 Nxf3
47. Nc3 Nd2+ 48. Kf2 Nc4 49. Nb5 Ke6 50. Ba7 Bd8 51. a4 Ba5 52. Nd3 Bc6 53. Ke2
g5 54. Bb8 Bxb5 55. axb5 Na3 56. Kf3 Nxb5 57. Kg4 Bd8 58. Ne1 e4 59. Ng2 Bf6
60. Ne3 Nd4 61. Ba7 Nc6 62. Bb6 d5 63. Nc2 d4 64. Ne1 Ne5+ 65. Kg3 Nc4 0-1

[Event "Wood Green Invitational"]
[Site "Stafford"]
[Date "2023.07.17"]
[Round "7.4"]
[White "Waldhausen Gordon, Frederick"]
[Black "Sousa, Andre Ventura"]
[Result "0-1"]
[WhiteElo "2325"]
[BlackElo "2455"]
[PlyCount "96"]
[EventDate "2023.07.14"]
[EventType "tourn"]
[EventRounds "9"]
[EventCountry "ENG"]

1. c4 e6 2. Nc3 d5 3. d4 Nf6 4. Nf3 a6 5. cxd5 exd5 6. Bf4 Bd6 7. Bxd6 Qxd6 8.
e3 Bf5 9. Bd3 Bxd3 10. Qxd3 Nbd7 11. h3 O-O 12. O-O-O Rfe8 13. Nd2 b5 14. Kb1
Nb6 15. Rc1 Nfd7 16. e4 c5 17. Nxd5 c4 18. Qf3 Nxd5 19. exd5 Nf6 20. Rhe1 Nxd5
21. Re4 Nf6 22. Rf4 Ra7 23. Nf1 Nd5 24. Rg4 Nf6 25. Rf4 Rae7 26. Ne3 Re4 27.
Rxe4 Nxe4 28. Nf5 Qd8 29. Rd1 Qg5 30. Kc2 b4 31. h4 Qd8 32. Re1 b3+ 33. axb3
cxb3+ 34. Kd1 Qa5 35. Nh6+ gxh6 36. Qg4+ Kf8 37. Rxe4 Qa1+ 38. Ke2 Qxb2+ 39.
Kf3 Qc3+ 40. Re3 Qc6+ 41. Kf4 Qf6+ 42. Kg3 Rxe3+ 43. fxe3 Qg6 44. Kf3 Qxg4+ 45.
Kxg4 b2 46. e4 b1=Q 47. Kh5 Qxe4 48. d5 Qg6# 0-1

[Event "Wood Green Invitational"]
[Site "Stafford"]
[Date "2023.07.17"]
[Round "7.5"]
[White "Wadsworth, Matthew J"]
[Black "Arakhamia-Grant, Ketevan"]
[Result "1-0"]
[WhiteElo "2431"]
[BlackElo "2305"]
[PlyCount "83"]
[EventDate "2023.07.14"]
[EventType "tourn"]
[EventRounds "9"]
[EventCountry "ENG"]

1. d4 Nf6 2. c4 g6 3. Nf3 Bg7 4. g3 O-O 5. Bg2 d6 6. Nc3 Nc6 7. d5 Na5 8. b3 c5
9. Bb2 a6 10. O-O Rb8 11. Nd2 b5 12. Qc1 bxc4 13. bxc4 e6 14. Rb1 e5 15. Nd1
Bf5 16. e4 Bd7 17. Bc3 Rxb1 18. Qxb1 Bh6 19. Ne3 Nh5 20. Qb2 f5 21. Qa3 Nb7 22.
exf5 gxf5 23. Rb1 Bc8 24. Nd1 a5 25. Qb2 Qe7 26. Nf3 e4 27. Qe2 Re8 28. Nd2 Nf6
29. Bh3 Ng4 30. Nf1 Bg7 31. Bxg4 fxg4 32. Nfe3 h5 33. Ng2 Nd8 34. Nf4 Bxc3 35.
Nxc3 Nf7 36. h4 gxh3 37. Qxh5 Ne5 38. Nxe4 Nf3+ 39. Qxf3 Qxe4 40. Qxe4 Rxe4 41.
Rb8 Re8 42. Nxh3 1-0

[Event "Wood Green Invitational"]
[Site "Stafford"]
[Date "2023.07.18"]
[Round "8.1"]
[White "Rudd, Jack"]
[Black "Arakhamia-Grant, Ketevan"]
[Result "1-0"]
[WhiteElo "2276"]
[BlackElo "2305"]
[PlyCount "131"]
[EventDate "2023.07.14"]
[EventType "tourn"]
[EventRounds "9"]
[EventCountry "ENG"]

1. d4 Nf6 2. c4 g6 3. Nc3 Bg7 4. e4 d6 5. f3 O-O 6. Be3 c6 7. Qd2 a6 8. Bh6 e5
9. Bxg7 Kxg7 10. Nge2 b5 11. c5 exd4 12. Qxd4 dxc5 13. Qxc5 Nbd7 14. Qd6 Re8
15. Nf4 Qa5 16. Be2 Bb7 17. O-O Rad8 18. Qd4 b4 19. Nd1 Ne5 20. Qe3 c5 21. b3
Rd4 22. Nb2 Qc7 23. Rac1 Qd6 24. Nc4 Nxc4 25. Bxc4 Bxe4 26. fxe4 Rexe4 27. Nh5+
Kh8 28. Qh6 Qxh2+ 29. Kxh2 Ng4+ 30. Kg1 Nxh6 31. Nf6 Re5 32. Rce1 Rxe1 33. Rxe1
Nf5 34. Ne4 Kg7 35. Nxc5 a5 36. Kf2 h5 37. Re4 Rd2+ 38. Re2 Rd4 39. Ke1 Rg4 40.
Rd2 Ne3 41. Bf1 h4 42. Kf2 Nf5 43. Rd7 Rf4+ 44. Kg1 Kf8 45. Bc4 Ne3 46. Be2 g5
47. Rd3 Nf5 48. Rd5 Ng3 49. Bc4 g4 50. Rd2 Rf5 51. Nd7+ Ke7 52. Nb6 Re5 53.
Rd7+ Ke8 54. Bxf7+ Kf8 55. Bc4 Re1+ 56. Kf2 Ra1 57. Rf7+ Ke8 58. Nc8 Rxa2+ 59.
Ke3 Rc2 60. Nd6+ Kd8 61. Kd4 h3 62. gxh3 gxh3 63. Be6 Rc7 64. Nb7+ Rxb7 65.
Rxb7 h2 66. Bd5 1-0

[Event "Wood Green Invitational"]
[Site "Stafford"]
[Date "2023.07.18"]
[Round "8.2"]
[White "Sousa, Andre Ventura"]
[Black "Wadsworth, Matthew J"]
[Result "1/2-1/2"]
[WhiteElo "2455"]
[BlackElo "2431"]
[PlyCount "83"]
[EventDate "2023.07.14"]
[EventType "tourn"]
[EventRounds "9"]
[EventCountry "ENG"]

1. c4 e5 2. g3 Nf6 3. Bg2 c6 4. Nf3 e4 5. Nd4 Qb6 6. Nb3 a5 7. d3 a4 8. N3d2
Bc5 9. O-O e3 10. fxe3 Bxe3+ 11. Kh1 Ng4 12. Ne4 O-O 13. h3 d5 14. hxg4 dxe4
15. Bxe4 Bxg4 16. Bf3 Bh3 17. Bg2 Bxg2+ 18. Kxg2 Re8 19. Nc3 Nd7 20. Bxe3 Rxe3
21. Qd2 Rae8 22. Rf4 a3 23. bxa3 Qa5 24. Rd1 Nc5 25. Rf3 Rxf3 26. exf3 Qxa3 27.
d4 Na4 28. Nxa4 Qxa4 29. Rc1 h6 30. d5 cxd5 31. cxd5 Qb5 32. Kf2 Qb6+ 33. Kg2
Qb5 34. Kf2 Rd8 35. Rd1 Rd6 36. Qd3 Qc5+ 37. Kg2 g6 38. Rd2 b5 39. Qe4 Rd8 40.
Qd3 Rd6 41. Qe4 Rd8 42. Qd3 1/2-1/2

[Event "Wood Green Invitational"]
[Site "Stafford"]
[Date "2023.07.18"]
[Round "8.3"]
[White "Ghasi, Ameet K"]
[Black "Waldhausen Gordon, Frederick"]
[Result "1/2-1/2"]
[WhiteElo "2495"]
[BlackElo "2325"]
[PlyCount "79"]
[EventDate "2023.07.14"]
[EventType "tourn"]
[EventRounds "9"]
[EventCountry "ENG"]

1. Nf3 c5 2. g3 g6 3. Bg2 Bg7 4. c4 d6 5. Nc3 Nc6 6. O-O Bf5 7. h3 Qd7 8. Kh2
e5 9. d3 Nge7 10. a3 O-O 11. Rb1 a5 12. Ne1 Be6 13. Nc2 d5 14. cxd5 Nxd5 15.
Ne4 b6 16. Ng5 Rac8 17. e3 Rfd8 18. Qe2 a4 19. Nxe6 Qxe6 20. Bd2 Nde7 21. Rfd1
Qb3 22. Ne1 Rd6 23. Rdc1 f5 24. Bc3 b5 25. Bd2 b4 26. Qd1 Qxd1 27. Rxd1 e4 28.
axb4 Nxb4 29. d4 Na6 30. Bf1 cxd4 31. exd4 Ra8 32. Nc2 Rc6 33. Rdc1 Rb8 34. Bc3
Bh6 35. Ne3 Bxe3 36. fxe3 Nd5 37. Bd2 Rxc1 38. Bxc1 Nab4 39. Bc4 Rc8 40. b3
1/2-1/2

[Event "Wood Green Invitational"]
[Site "Stafford"]
[Date "2023.07.18"]
[Round "8.4"]
[White "Rees, Ioan L"]
[Black "Gasanov, Eldar"]
[Result "1/2-1/2"]
[WhiteElo "2293"]
[BlackElo "2481"]
[PlyCount "57"]
[EventDate "2023.07.14"]
[EventType "tourn"]
[EventRounds "9"]
[EventCountry "ENG"]

1. d4 Nf6 2. c4 e6 3. Nf3 b6 4. g3 Bb7 5. Bg2 c6 6. O-O Be7 7. Nc3 d5 8. Qc2
O-O 9. Rd1 Nbd7 10. b3 Rc8 11. Bb2 Rc7 12. Rac1 Qa8 13. Ne5 Nxe5 14. dxe5 Nd7
15. Nb1 c5 16. cxd5 exd5 17. e3 Rd8 18. f4 c4 19. Qe2 Nc5 20. bxc4 dxc4 21.
Rxd8+ Qxd8 22. Bxb7 Nd3 23. Be4 Nxc1 24. Bxc1 c3 25. Bc2 Qd5 26. Bb3 Qe4 27.
Bc2 Qd5 28. Bb3 Qe4 29. Bc2 1/2-1/2

[Event "Wood Green Invitational"]
[Site "Stafford"]
[Date "2023.07.18"]
[Round "9.1"]
[White "Willow, Jonah B"]
[Black "Rudd, Jack"]
[Result "0-1"]
[WhiteElo "2421"]
[BlackElo "2276"]
[PlyCount "126"]
[EventDate "2023.07.14"]
[EventType "tourn"]
[EventRounds "9"]
[EventCountry "ENG"]

1. e4 d5 2. exd5 Qxd5 3. Nc3 Qa5 4. d4 Nf6 5. Nf3 Bg4 6. h3 Bxf3 7. Qxf3 c6 8.
Bc4 e6 9. Bd2 Qc7 10. g4 Nbd7 11. O-O-O Bd6 12. Rhe1 O-O 13. Bd3 Nd5 14. Kb1
Nxc3+ 15. Bxc3 Nf6 16. Bd2 Rfd8 17. g5 Nd5 18. Re4 b5 19. Rh4 g6 20. Re4 b4 21.
h4 Rdb8 22. Ka1 Qa5 23. Bc4 Nb6 24. Bf1 Qf5 25. Qh1 Qxf2 26. h5 Qh2 27. Qxh2
Bxh2 28. hxg6 hxg6 29. Bxb4 Nd5 30. Ba3 Bf4 31. c4 Ne3 32. Rxf4 Nxd1 33. Rf3
Rd8 34. Bc5 e5 35. Be2 e4 36. Rh3 Nf2 37. Rh6 e3 38. d5 Ne4 39. Bxe3 cxd5 40.
Bd4 Kf8 41. cxd5 Rac8 42. a4 Rc1+ 43. Ka2 Rxd5 44. Bxa7 Ra5 45. Bb6 Rxa4+ 46.
Kb3 Raa1 47. Bd8 Ra7 48. Bf3 Nd2+ 49. Kb4 Ke8 50. Rh8+ Kd7 51. Bb6 Ra6 52. Bg4+
Ke7 53. Bd8+ Kd6 54. Re8 Ra7 55. Kb5 Rb7+ 56. Ka6 Rxb2 57. Be7+ Kd5 58. Rd8+
Ke4 59. Rd4+ Kxd4 60. Bf6+ Ke3 61. Bxb2 Rb1 62. Bf6 Ne4 63. Bd8 Kf4 0-1

[Event "Wood Green Invitational"]
[Site "Stafford"]
[Date "2023.07.18"]
[Round "9.2"]
[White "Gasanov, Eldar"]
[Black "Turner, Matthew J"]
[Result "1/2-1/2"]
[WhiteElo "2481"]
[BlackElo "2439"]
[PlyCount "24"]
[EventDate "2023.07.14"]
[EventType "tourn"]
[EventRounds "9"]
[EventCountry "ENG"]

1. c4 c5 2. Nc3 Nc6 3. g3 g6 4. Bg2 Bg7 5. Nf3 Nf6 6. O-O O-O 7. d4 cxd4 8.
Nxd4 Nxd4 9. Qxd4 d6 10. Qd3 a6 11. Bd2 Bf5 12. e4 Be6 1/2-1/2